000 00565nam a2200193 a 4500
005 20210219153109.0
008 991125n 000 0 u
035 _aUPN01000077896
222 _aCOMUNICACION EDUCATIVA SEP
245 _a80 mil estudiantes del CONALEP irán a alfabetizar adultos
300 _a3
362 _a1987 Año 5, no. 47, ago.
653 0 _aALFABETIZACION
653 0 _aALUMNOS
653 0 _aCOLEGIO NACIONAL DE EDUCACION PROFESIONAL TECNICA (MEXICO)
653 0 _aEDUCACION DE ADULTOS
904 _aAC
_b015707
905 _aArticulo
999 _c68360
_d68360